Modern written Arabic : (Record no. 28446)

MARC details
000 -LEADER
fixed length control field 02038cam a22003735i 4500
001 - CONTROL NUMBER
control field 17788790
003 - CONTROL NUMBER IDENTIFIER
control field EG-ScBUE
005 - DATE AND TIME OF LATEST TRANSACTION
control field 20201128024429.0
008 - FIXED-LENGTH DATA ELEMENTS--GENERAL INFORMATION
fixed length control field 130624s2016 enk f b 001 0 eng d
020 ## - INTERNATIONAL STANDARD BOOK NUMBER
International Standard Book Number 9780415667494 (paperback)
040 ## - CATALOGING SOURCE
Original cataloging agency DLC
Language of cataloging eng
Description conventions rda
Transcribing agency DLC
Modifying agency DLC
-- EG-ScBUE
041 0# - LANGUAGE CODE
Language code of text/sound track or separate title eng
-- ara
082 04 - DEWEY DECIMAL CLASSIFICATION NUMBER
Classification number 492.782421
Item number BAD
Edition number 22
100 1# - MAIN ENTRY--PERSONAL NAME
Personal name Badawi, El-Said M.,
Relator term author.
9 (RLIN) 1504
245 10 - TITLE STATEMENT
Title Modern written Arabic :
Remainder of title a comprehensive grammar /
Statement of responsibility, etc Elsaid Badawi, Michael G. Carter, and Adrian Gully ; revised by Maher Awad.
250 ## - EDITION STATEMENT
Edition statement Second edition.
250 ## - EDITION STATEMENT
Edition statement Revised edition.
264 #1 - PUBLICATION, DISTRIBUTION, ETC. (IMPRINT)
Place of publication, distribution, etc Abingdon, Oxon ;
-- New York :
Name of publisher, distributor, etc Routledge / Taylor & Francis Group,
Date of publication, distribution, etc 2016.
300 ## - PHYSICAL DESCRIPTION
Extent xiii, 894 pages ;
Dimensions 25 cm.
336 ## - CONTENT TYPE
Content type term text
Content type code txt
Source rdacontent
337 ## - MEDIA TYPE
Media type term unmediated
Media type code n
Source rdamedia
338 ## - CARRIER TYPE
Carrier type term volume
Carrier type code nc
Source rdacarrier
490 0# - SERIES STATEMENT
Series statement Routledge comprehensive grammars
504 ## - BIBLIOGRAPHY, ETC. NOTE
Bibliography, etc Includes bibliographical references and indexes.
520 ## - SUMMARY, ETC.
Summary, etc "Modern Standard Arabic is a complete reference guide to the grammar of modern written Arabic. The Grammar presents an accessible and systematic description of the language, focusing on real patterns of use in contemporary written Arabic, from street signs to literature. Examples are drawn from authentic texts, both literary and journalistic, published since 1990.This comprehensive work is an invaluable resource for intermediate and advanced students of Arabic and anyone interested in Arabic linguistics and the way modern standard Arabic works.Features include:comprehensive coverage of all parts of speechfull cross-referencingauthentic examples, given in Arabic script, transliteration and translationa detailed index"--
Assigning source Provided by publisher.
546 ## - LANGUAGE NOTE
Language note Text in English and Arabic.
650 #7 - SUBJECT ADDED ENTRY--TOPICAL TERM
Topical term or geographic name as entry element Arabic language
General subdivision Grammar.
Source of heading or term BUEsh
653 ## - INDEX TERM--UNCONTROLLED
Resource For college Communication and mass media
-- Humanities: English
Arrived date list July2020
655 ## - INDEX TERM--GENRE/FORM
Form subdivision Reading book
9 (RLIN) 34232
700 1# - ADDED ENTRY--PERSONAL NAME
Personal name Carter, M. G.,
Relator term author.
700 1# - ADDED ENTRY--PERSONAL NAME
Personal name Gully, Adrian,
Relator term author.
700 1# - ADDED ENTRY--PERSONAL NAME
Personal name Awad, Maher,
Relator term editor.
942 ## - ADDED ENTRY ELEMENTS (KOHA)
Source of classification or shelving scheme Dewey Decimal Classification
Koha item type Book - Borrowing
Holdings
Withdrawn status Lost status Source of classification or shelving scheme Damaged status Not for loan Collection code Home library Current library Shelving location Date acquired Source of acquisition Total Checkouts Full call number Barcode Date last seen Price effective from Koha item type
    Dewey Decimal Classification     Baccah Central Library Central Library First floor 05/07/2020 Purchase   492.782421 BAD 000049231 15/07/2025 05/07/2020 Book - Borrowing